000 00824nam a2200265Ia 4500
003 OSt
005 20220925233630.0
006 a|||||r|||| 00| 0
007 ta
008 220923b |||||||| |||| 00| 0 eng d
020 _a8180520064
_c675.75
037 _b829, 03/01/2014, Pranami Book Service
_cGeneral Book
040 _aRTL
_cRTL
_beng
041 _2eng
_aeng
082 _aX:97B:(T), P3
100 _aLAMBERT Jonamay
_9299118
245 0 _a50 Activities for diversity training.
260 _a New Delhi
_bAne Books
_c2003
300 _axi,313p.
_ccm.
500 _aBibliography: P 248-273
650 _aCommerce
700 _a MYERS Selma
_9299119
942 _hX:97B:(T), P3
_cGB
_2CC
999 _c594141
_d594141